000 00823 a2200169 4500
003 NUST
005 20230131160008.0
040 _cNust
082 _a942,COL
100 _aCole G.D H
_949394
245 _aThe Common People :
_b1746-1938 /
_cG.D Cole, Raymond Postgate
260 _aLondon
_bMetuen & Co
_c1945
300 _a670:p.
505 _aEighteenth Century England (Page-1), Social Movements In The Eighteenth Century (Page-87), The Industrial Revolution And The French War (Page-115), The Peace Without A Parallel (Page-185), England Under The Reform Act (Page-253), The Great Victorian Age (Page-321), Imperialism And Socialism (Page-391), The Pre War Period (Page-437), The War Years (Page-491), Post War Britain (Page-531), Britain In 1938 (Page-595).
650 _aEngland
_9108302
942 _2ddc
_cBK
_k942,COL
999 _c187226
_d187226